Vista normal
Vista MARC
Entrada Personal Name
Número de registros utilizados en: 1
001 - CONTROL NUMBER
- control field: 13522
003 - CONTROL NUMBER IDENTIFIER
- control field: BNE
005 - DATE AND TIME OF LATEST TRANSACTION
- control field: 20221117110237.0
008 - FIXED-LENGTH DATA ELEMENTS
- fixed length control field: 220630n| azznnaabn |n aaa d
010 ## - LIBRARY OF CONGRESS CONTROL NUMBER
- LC control number: XX6342573
035 ## - SYSTEM CONTROL NUMBER
- System control number: (BNE)XX6342573
040 ## - CATALOGING SOURCE
- Original cataloging agency: SpMaBN
- Language of cataloging: spa
- Transcribing agency: Mx-PuUPA
- Modifying agency: Mx-PuUPA
- Description conventions: rda
- Subject heading/thesaurus conventions: embne
100 1# - HEADING--PERSONAL NAME
- Personal name: Ferreres, Aldo Rodolfo,
374 ## - OCCUPATION
- Occupation: Autor
375 ## - GENDER
- Gender: mujer
377 ## - ASSOCIATED LANGUAGE
- Language code: spa
400 1# - SEE FROM TRACING--PERSONAL NAME
- Personal name: Aldo Rodolfo, Ferreres
670 ## - SOURCE DATA FOUND
- Source citation: Neurociencias y educación, 2019:
- Information found: (Aldo Rodolfo Ferreres)